000 01507 a2200385 4500
001 11988055
003 0000
005 20251030123759.0
008 000427s2000 txua 001 0 eng
010 _a 00266145
020 _a0030212146
035 _a11988055
040 _aDLC
_cDLC
_dDLC
_erda
050 0 0 _aQD 31.3 W53
082 0 0 _a540
_221
100 1 _aWhitten, Kenneth W.
245 1 0 _aGeneral chemistry.
250 _a6th ed. /
_bKenneth W. Whitten, Raymond E. Davis, M. Larry Peck.
264 _aFort Worth :
_bSaunders College Pub.,
_c2000.
300 _a1 v. (various pagings) :
_bill. (some col.) ;
_c27 cm. +
_e1 stereo viewer.
336 _atext
_btxt
_2rdacontent
337 _aunmediated
_bn
_2rdamedia
338 _avolume
_bnc
_2rdacarrier
500 _aIncludes index.
650 0 _aChemistry.
700 1 _aDavis, Raymond E.,
_d1938-
700 1 _aPeck, M. Larry
_q(Merlin Larry),
_d1940-
856 4 2 _3Contributor biographical information
_uhttp://www.loc.gov/catdir/enhancements/fy1303/00266145-b.html
856 4 2 _3Publisher description
_uhttp://www.loc.gov/catdir/enhancements/fy1303/00266145-d.html
856 4 1 _3Table of contents only
_uhttp://www.loc.gov/catdir/enhancements/fy1303/00266145-t.html
906 _a7
_bcbc
_corigcop
_d2
_encip
_f20
_gy-gencatlg
942 _2lcc
_cBK
999 _c43953
_d43953